Пиноккио нэрт модон хүүгийн үлгэр (Бичлэгийн дугаар. 1058154)

MARC дэлгэрэнгүй
000 -Удирдлага
Ном зүйн бүртгэл тоо буюу кодлох утгыг агуулсан 01123nam a22002537a 4500
008 - ЕРӨНХИЙ МЭДЭЭЛЭЛ-ЭЛЕМЕНТҮҮДИЙН ӨГӨГДЛИЙН УРТ
fixed length control field 240610b mp ||||| |||| 00| 0 mon d
020 ## - ОЛОН УЛСЫН СТАНДАРТ НОМЫН ДУГААР-ISBN
Олон Улсын Стандарт Номын Дугаар 978-7-5311-8890-2
035 ## - СИСТЕМИЙН ХЯНАЛТЫН ДУГААР
Системийн хяналтын дугаар 37870
040 ## - ЭХ СУРВАЛЖИЙГ ТОДОРХОЙЛОН БИЧИХ
Анхны каталогийн байгууллага HUV0167120
Каталогийн хэл Монгол
Бичлэг хийж нэвтрүүлэх байгууллага MN-UlNLM
Өөрчлүүлэх байгууллага MN-UlNLM
Бичиглэлийн тодорхойлолт rda
041 ## - ХЭЛНИЙ КОД
Текстийн хэлний код/фонограм буюу салангид гарчиг Монгол
042 ## - AUTHENTICATION CODE
Authentication code 87078
084 ## - БУСАД АНГИЛЛЫН ДУГААР
Ангиллын нэр Номын сан номзүйн ангилал
Анги 84.8(0)
Зохиогчийн 3-н тэмдэгт К.606
100 ## - ЗОХИОГЧИЙН ХЭСЭГ
Зохиогчийн нэр Коллоди К.
245 #0 - ҮНДСЭН ГАРЧИГ
Гарчиг Пиноккио нэрт модон хүүгийн үлгэр
264 ## - ГАРАЛТЫН МЭДЭЭ
Хэвлэгдсэн газар Хөх хот
Бүтээгч, хэвлэгч, түгээгч, үйлдвэрлэгчийн нэр Өвөр монголын сургалт хүмүүжлийн хэвлэлийн хороо
Хэвлэгдсэн он 2014
300 ## - ТООНЫ МЭДЭЭ
Хуудасны тоо 197х.
336 ## - АГУУЛГЫН ТӨРӨЛ
Нөөц rdacontent
Агуулгын төрлийн нөхцөл text
Агуулгын төрлийн код txt
337 ## - MEDIA TYPE
Эх сурвалж rdamedia
Файлын төрөл unmediated
Файлын код n
338 ## - CARRIER TYPE
Source rdacarrier
Carrier type term volume
Carrier type code nc
490 ## - БОТИЙН/ЦУВРАЛЫН ТУХАЙ МЭДЭЭ
Ботийн/Цувралын нэр Дэлхийн хүүхдийн сонгодог зохиолын дээжис
650 ## - Сэдэв
Сэдэв Одоогоос 150 гаруй жилийн тэртээ урт хамарт дүрсгүй модон хүүхэлдэй Пиноккиогийн тухай зохиол бичсэн хүмүүнийг Карло Коллоди гэд...
942 ## - ЭЛЕМЕНТИЙН ТӨРӨЛ
Анги Номын сан номзүйн ангилал
Төрөл Ном
Захиалгууд
Буцаан татагдсан төлөв Хасагдсан шалтгаан Гэмтсэн төлөв Данс заагч Захиалах боломжгүй Үндсэн номын сан Одоогийн байршил Салбар танхим Салбар танхим Бүртгэсэн огноо Тавиурын заалт Баркод Үнэ Хамгийн сүүлд байсан огноо Нийт уншлаганд гарсан тоо Дансны дугаар Төрөл
          Хөвсгөл аймаг Хөвсгөл аймаг Хөвсгөл | Гэрээр ном олгох Хөвсгөл | Гэрээр ном олгох 2024-07-01 84.8(0) К.606 HUV0137870-3-1 25000.00 2024-07-01   26 Ном